The death of a passport/ (Record no. 153605)

MARC details
000 -LEADER
fixed length control field 00482nam a22001817a 4500
003 - CONTROL NUMBER IDENTIFIER
control field dpl
005 - DATE AND TIME OF LATEST TRANSACTION
control field 20180707180537.0
008 - FIXED-LENGTH DATA ELEMENTS--GENERAL INFORMATION
fixed length control field 180707b xxu||||| |||| 00| 0 eng d
020 ## - INTERNATIONAL STANDARD BOOK NUMBER
International Standard Book Number 8120205855
Terms of availability 295.00
035 ## - SYSTEM CONTROL NUMBER
System control number B-167094
040 ## - CATALOGING SOURCE
Original cataloging agency DPL
Language of cataloging EN
Transcribing agency 0
082 ## - DEWEY DECIMAL CLASSIFICATION NUMBER
Classification number N
100 ## - MAIN ENTRY--PERSONAL NAME
Personal name Ramoowalial, Iqbal
245 ## - TITLE STATEMENT
Title The death of a passport/
Statement of responsibility, etc by Iqbal Ramoowalia
260 ## - PUBLICATION, DISTRIBUTION, ETC. (IMPRINT)
Place of publication, distribution, etc New Delhi
Name of publisher, distributor, etc Diamond Pocket Books pvt ltd.
300 ## - PHYSICAL DESCRIPTION
Extent 239p;
Dimensions 23cm.(HB)
942 ## - ADDED ENTRY ELEMENTS (KOHA)
Source of classification or shelving scheme Dewey Decimal Classification
Koha item type English Books
Classification part N
Call number suffix RAM
Holdings
Withdrawn status Lost status Source of classification or shelving scheme Damaged status Not for loan Collection code Home library Current library Date acquired Source of acquisition Cost, normal purchase price Total Checkouts Full call number Barcode Date last seen Date checked out Cost, replacement price Price effective from Koha item type
    Dewey Decimal Classification     Fiction Patel Nagar Patel Nagar 07/07/2018 BPPD/Pub 295.00 1 N RAM B-167094 17/05/2022 05/05/2022 295.00 07/07/2018 English Books

© Delhi Public Library
Hit Counter
free hit counter